Stolice Europy - Statystyki

Ogólne statystyki
  • Ten quiz został rozwiązany 69 razy
  • Średni wynik to 35 z 45
Odpowiedzi na mapie
Odpowiedzi zakodowano w zielono-czerwonej skali na mapie do tego quizu, zgodnie z poniższymi procentami.
 
Statystyki odpowiedzi
Kraj Stolica % Poprawnych
Grecja Ateny
100%
Holandia Amsterdam
98%
Wielka Brytania Londyn
98%
Niemcy Berlin
96%
Hiszpania Madryt
96%
Rosja Moskwa
96%
Francja Paryż
96%
Polska Warszawa
96%
Ukraina Kijów
94%
Włochy Rzym
92%
Watykan Watykan
92%
Irlandia Dublin
90%
Dania Kopenhaga
90%
Białoruś Mińsk
90%
Monako Monako
90%
Norwegia Oslo
90%
Czechy Praga
90%
Andora Andora
88%
Belgia Bruksela
88%
Portugalia Lizbona
88%
Chorwacja Zagrzeb
88%
Węgry Budapeszt
84%
Finlandia Helsinki
84%
San Marino San Marino
84%
Austria Wiedeń
82%
Litwa Wilno
82%
Słowacja Bratysława
80%
Luksemburg Luksemburg
80%
Łotwa Ryga
80%
Rumunia Bukareszt
78%
Szwajcaria Berno
73%
Szwecja Sztokholm
73%
Islandia Reykjavík
71%
Estonia Tallinn
71%
Bułgaria Sofia
69%
Bośnia i Hercegowina Sarajewo
59%
Albania Tirana
55%
Malta Valletta
55%
Serbia Belgrad
53%
Mołdawia Kiszyniów
53%
Słowenia Lublana
51%
Liechtenstein Vaduz
49%
Kosowo Prisztina
45%
Macedonia Północna Skopje
39%
Czarnogóra Podgorica
37%
Nie znaleziono quizów pasujących do podanych kryteriów
Rozkład punktacji
Procent ludzi z każdym wynikiem
Percentyl według liczby udzielonych odpowiedzi
Twoja historia wyników
Nie rozwiązałeś tego quizu